000 01337cam a2200313 i 4500
003 SA-RiAUC
005 20241001125810.0
008 240926s1999 su g b 000 0 ara c
024 0 _a77000000002621
040 _aKW-ShULA
_bara
_cSA-RiAUC
_erda
050 4 _b.K48 1999
082 0 4 _a227
_qSA-RiAUC
090 _a227
_bخ ض ي
100 1 _aالخضيري، محمد بن عبد العزيز أحمد،
_d1385 هجري-
_eمؤلف.
245 1 2 _aالإجماع في التفسير /
_cإعداد محمد بن عبد العزيز بن أحمد الخضيري ؛ إشراف د. علي بن سليمان العبيد.
250 _aالطبعة الأولى.
264 1 _aالرياض :
_bدار الوطن للنشر،
_c1999
300 _a566 صفحة ؛
_c24 سم
336 _aنص
_btxt
_2rdacontent
_3كتاب
337 _aبدون وسيط
_bn
_2rdamedia
338 _aمجلد
_bnc
_2rdacarrier
500 _aالأصل أطروحة ماجستير-جامعة الامام محمد بن سعود الإسلامية، 1995.
504 _aببليوجرافية : صفحة 476-500.
630 2 7 _aالقرآن
_xتفسير
_2aucut
700 1 _aالعبيد، علي بن سليمان،
_d1374 هجري-
_eمشرف.
730 2 2 _aالقرآن
942 _2ddc
_cBOOK
_n0
949 _aSA-JeALM
_d240926
_umohamedma123
_n1
999 _c731
_d731